| 000 | 00811nam a22002177a 4500 | ||
|---|---|---|---|
| 005 | 20100803102752.0 | ||
| 010 | _aENG-97680 | ||
| 020 |
_a9788172087029 _c55.00 |
||
| 035 | _aEN-81213 | ||
| 037 | _bDBAD/PUB | ||
| 082 | _a230.31 | ||
| 100 |
_aKrystal, Phyllis _95284 |
||
| 245 |
_aReconnecting the love energy / _cby Phyllis Krystal |
||
| 260 |
_aAndhra Pradesh _bSri Sathya Sai Sadhana Trust Publications Division _c2009 |
||
| 270 |
_aPrasanthi Nilayam _bAndhra Pradesh _e515134 |
||
| 300 |
_axviii, 137p. _c22cm (pbk) |
||
| 650 |
_aSathya Sai Baba _95285 |
||
| 650 |
_aSpiritual Life Hinduism _95286 |
||
| 942 |
_2ddc _cEN _h230.31 _mKRY |
||
| 999 |
_c38842 _d38842 |
||